Laquelle de ces options est une station du métro parisien - #3 - Statistiques

Statistiques générales
  • Ce quiz a été pris 149 fois
    28 depuis la dernière actualisation
  • Le résultat moyen est 11 sur 15
Statistiques - réponses
Question Réponse % Correct
Cette station entre le Neuvième, le Dixième et le Dix-Huitième... Barbès-Rochechouart
96%
De quelle couleur est le château ? Château Rouge
96%
Faites l'amour, pas la guerre... Convention
89%
Quelle ville accueille les futurs vétérinaires ? École vétérinaire de Maisons-Alfort
89%
Quel "ministère" donne son nom à la station de métro de La Motte-Picquet ? La Motte-Picquet - Grenelle
89%
Quelle station porte le nom d'un édifice religieux ? La Chapelle
85%
À quelle station faut-il descendre pour emprunter un livre ? Bibliothèque François-Mittérand
81%
Quel roi prête son nom à une station de métro ? George V
81%
[Artiste] + [Nom de rue] = ... Michel-Ange - Molitor
78%
Laquelle de ces rues donne son nom à la station sous ses pieds ? Rue Saint-Maur
63%
Quelle porte donne son nom à une station de métro ? Porte de Vanves
59%
Quel monument donne son nom à une station ? La Défense
56%
Sur quel quai puis-je descendre ? Quai de la Gare
56%
Elle court, elle court, la maladie d'amour... Courcelles
52%
Quelle figure de la Révolution est représentée par une station de métro ? Robespierre
37%
Aucun quiz correspondant
Distribution des résultats
% des personnes avec chaque résultat
Percentile par nombre de réponses
Votre historique - résultats
Vous n’avez pas pris ce quiz depuis la dernière actualisation